América Latina: contradicciones de la nueva etapa. Parte II /

Salvato in:
Dettagli Bibliografici
Autore principale: Koroliov, Yuri
Altri autori: Shulgovski, Anatoli, Marchuk, N.
Natura: testo
Pubblicazione: Moscú :
Soggetti:
Tags: Aggiungi Tag
Nessun Tag, puoi essere il primo ad aggiungerne!!

MARC

LEADER 00000 a a2200000 04500
001 18112
003
040
090 |a EXTRAVIADO  
100 |a Koroliov, Yuri  
245 |a América Latina: contradicciones de la nueva etapa. Parte II /  |c Yuri Koroliov 
260 |a Moscú :  
300 |a 54 p  
650 |a SISTEMA SOCIAL  
650 |a COMPORTAMIENTO POLITICO  
650 |a RECESION ECONOMICA  
650 |a MODERNIZACION  
650 |a REVOLUCION  
650 |a ECONOMIA AGRARIA  
650 |a INDUSTRIA  
650 |a DEPENDENCIA ECONOMICA  
650 |a IDEOLOGIAS POLITICAS  
650 |a DESARROLLO SOCIAL  
700 |a Shulgovski, Anatoli  
700 |a Marchuk, N.  
999 |c 11528  |d 11528